|
|
|
|
| LEADER |
00790nam a22002537a 4500 |
| 001 |
29965 |
| 003 |
BD-DhAAL |
| 005 |
20150915165238.0 |
| 008 |
150827s1987 bg a|||| |||| 00| 0 eng d |
| 040 |
|
|
|a BD-DhAAL
|c BD-DhAAL
|
| 082 |
|
|
|2 22
|a 307.1412095492
|
| 999 |
|
|
|c 35546
|d 35546
|
| 999 |
|
|
|c 35546
|
| 999 |
|
|
|c 35375
|
| 245 |
|
|
|a Training Calendar 1987
|
| 260 |
|
|
|a Dhaka :
|b BRAC
|c 1987
|
| 300 |
|
|
|a 101 p. :
|b ill. ;
|c 34 cm.
|
| 541 |
|
|
|e 29965
|
| 610 |
|
|
|a BRAC
|9 14235
|
| 650 |
|
|
|a Rural Development
|z Bangladesh
|9 14236
|
| 710 |
|
|
|a BRAC
|9 14237
|
| 852 |
|
|
|a Ayesha Abed library
|c BRAC Resource Section
|
| 942 |
|
|
|2 ddc
|c BK
|
| 952 |
|
|
|0 0
|1 0
|2 ddc
|4 0
|6 307_141209549200000_TRA
|7 0
|9 55914
|a BRACUL
|b BRACUL
|c BRS
|d 2015-09-15
|e BRAC
|l 0
|o 307.1412095492 TRA
|p 3010029965
|r 2015-09-15
|t 1
|w 2015-09-15
|y BK
|